000 01187nam a2200289 a 4500
001 65427
003 BD-RjUL
005 20211209081426.0
008 170306s1952 pk ||||||||s|o00| 0 eng d
020 _c: PRs. 1.50
035 _a(BD-RjUL)65557
040 _aBD-RjUL
_beng
_cBD-RjUL
_dBD-RjUL
041 _aeng
082 _223
_a304.609549021
_bMUZ 1952 (VL)
110 1 _aPakistan.
_boffice of the Provincial Superintendent Census.
_9193011
245 1 0 _aCensus of Pakistan, 1951 :
_bVillage list : Muzaffargarh District /
_cPakistan. office of the Provincial Superintendent Census ; M. H. Mahmood , [comp.]
246 _aCensus of Pakistan, 1951 :
_bVillage list : Punjab : Muzaffargarh District.
260 _aKarachi:
_bManager of Publications,
_c[1952]
300 _aii, 53 p. ;
_c24 cm.
490 _aCensus 51 ;
_vNo. 30B (1).
500 _a" chiefly statistical data"
651 _aPakistan
_zWest Pakistan
_zMuzaffargarh District
_vcensus,1951
_9193641
651 _aPakistan
_zWest Pakistan
_zMuzaffargarh District
_xPopulation
_vStatistics
_y1951
_9193642
700 _aMahmood, M. H. , [comp.]
_9193014
830 _aCensus 51 ;
_vNo. 30B (1).
_9193644
942 _2ddc
_cRAR
999 _c65427
_d65427